00920nam a2200229 a 450000100100000000500170001000800410002704000250006808200150009310000310010824501060013926000820024530000280032750400310035559000270038660000560041365000330046965000210050291000370052395201130056099900170067300003879920241010113235.0130424s1982 dr a 000 0 spa d aDO-SdBNPbspacBNPHU a268bM828d1 aMorales, Alfredo A.91685113aDe la mañana a la noche... :bespiritu y estilo de la educación lasallista /cAlfredo A. Morales. aSantiago de los Caballeros, República Dominicana :bAmigo del Hogar,c1982. a165 p. :bil. ;c23 cm. aBibliografía: p.161-162. aInventariado, 2018/ YL14aSALLE, JUAN BAUTISTA DE LA,cSAN,d1651-1719965102 4aEducación cristiana911641 0aPedagogía9693 aValidado. Control de calidad EMS 0010718PDaPDbPDcHDd2013-04-24iLF1l0o268 M828dp38799-10r2020-06-25w2020-06-25yLFPDZNo se presta c38289d38289